Najlepsze drużyny w LKE - Statystyki

Ogólne statystyki
  • Ten quiz został rozwiązany 15 razy
  • Średni wynik to 15 z 50
Statystyki odpowiedzi
Miejsce Klub PKT % Poprawnych
8 Chelsea 36
92%
21 Lech Poznań 25
92%
12 Legia Warszawa 30
92%
1 AC Fiorentina 79
85%
22 Jagiellonia Białystok 24
77%
5 West Ham 37
69%
18 Real Betis 26
62%
15 AS Roma 27
54%
13 Molde 29
54%
6 Bodo/Glimt 37
46%
16 FC Kopenhaga 27
46%
32 NK Celje 18
46%
4 PAOK Saloniki 39
46%
19 Slavia Praga 26
46%
28 Aston Villa 20
38%
3 AZ Alkmaar 45
38%
2 KAA Gent 55
38%
25 LOSC Lille 21
38%
26 Olympiakos 21
38%
23 Rapid Wiedeń 23
38%
10 Slovan Bratysława 31
38%
47 Villareal 14
31%
45 Cercle Brugge 14
23%
17 Club Brugge 26
23%
30 FC Lugano 20
23%
49 Karabach 14
23%
36 Pafos 17
23%
33 Anderlecht 18
15%
38 Dinamo Zagrzeb 16
15%
8 Djurgardens 35
15%
7 FC Basel 37
15%
41 Łudgorec Razgrad 16
15%
11 Maccabi Tel Aviv 30
15%
20 Partizan Belgrad 26
15%
42 Shamrock Rovers 16
15%
27 Viktoria Pilzno 21
15%
43 Vitoria Guimaraes 15
15%
29 Basaksehir 20
8%
34 Fenerbahce 18
8%
14 Feyenoord 28
8%
24 LASK Linz 22
8%
46 Leicester City 14
8%
37 Olimpija Ljubljana 17
8%
31 Olympique Marsylia 19
8%
35 Stade Rennais 17
8%
50 Zoria Ługańsk 14
8%
44 CFR Cluj 15
0%
40 OGC Nicea 16
0%
39 Panatinaikos 16
0%
48 Vitesse 14
0%
Nie znaleziono quizów pasujących do podanych kryteriów
Rozkład punktacji
Procent ludzi z każdym wynikiem
Percentyl według liczby udzielonych odpowiedzi
Twoja historia wyników
Nie rozwiązałeś tego quizu